[Event "1st Open"]
[Site "Gurgon IND"]
[Date "2009.01.25"]
[Round "6"]
[White "Maheswaran,P"]
[Black "Safin,S"]
[Result "0-1"]
[WhiteElo "2297"]
[BlackElo "2518"]

1.d4 Nf6 2.c4 g6 3.Nc3 Bg7 4.e4 d6 5.Nf3 O-O 6.Be2 e5 7.O-O Nbd7 8.Be3 h6
9.h3 exd4 10.Bxd4 Re8 11.Qc2 b6 12.Rfe1 Bb7 13.Bf1 Nc5 14.Bd3 Ne6 15.Be3 Nd7
16.Rad1 Ndc5 17.Nd5 Nxd3 18.Rxd3 Nc5 19.Bxc5 bxc5 20.Rdd1 Qb8 21.b3 Bc6 22.Qd2 a5
23.Rb1 Qb7 24.Re3 a4 25.b4 cxb4 26.Rxb4 Qa7 27.Re1 Qa5 28.a3 Kh7 29.Qf4 Rf8
30.Nf6+ Kh8 31.e5 Rad8 32.Nd5 dxe5 33.Nxe5 Bxd5 34.cxd5 Rxd5 35.Nc6 Qa6 36.Qc4 Qxc4
37.Rxc4 Ra8 38.Ree4 Rd6 39.Nb4 Bf8 40.g3 Rd1+ 41.Kg2 Bd6 42.Nc2 Rd2 43.Ne3 Rb8
44.Rcd4 Ra2 45.Rxa4 Rb3 46.Rac4 Rbxa3 47.Nc2 Rb3 48.Re2 Rbb2 49.Rc6 Kg7 50.Kf3 Kf6
51.h4 h5 52.Kg2 Rb5 53.Rd2 Ke7 54.Nd4 Rxd2 55.Nxb5 Kd7 56.Rc4 Be5 57.Rc5 f6
58.Rc4 c6 59.Na7 c5 60.Rxc5 Bd4 61.Rd5+ Ke6 62.Ra5 Rxf2+ 63.Kh3 Rc2 64.Ra6+ Kd5
65.Nb5 Be5 66.Ra7 Kc6 67.Na3 Rc3 68.Kg2 Rxg3+ 69.Kf1 Rc3 70.Ke2 Kd5 71.Ra4 Rh3
72.Nc2 Bg3 73.Ne3+ Ke6 74.Ng2 Be5 75.Ne3 Bd6 76.Re4+ Kf7 77.Rc4 Ke6 78.Re4+ Be5
79.Ra4 Rh2+ 80.Kf3 Rd2 81.Ra7 Rd7 82.Ra6+ Kf7 83.Ra4 Rd4 84.Ra7+ Kg8 85.Ng2 Rd3+
86.Ke4 Rc3 87.Ne3 Rc7 88.Ra4 Kg7 89.Kf3 Kh6 90.Ra6 Rd7 91.Rc6 Rd6 92.Rc8 Rd4
93.Ng2 g5 94.hxg5+ fxg5 95.Rc6+ Kg7 96.Rc5 Bf6 97.Ne3 Kg6 98.Rc6 g4+ 99.Ke2 h4
100.Rc4 Rxc4 101.Nxc4 Bd4 102.Nd2 h3 103.Nf3 Ba7 104.Ne5+ Kf5  0-1

[Event "1st Open"]
[Site "Gurgon IND"]
[Date "2009.01.25"]
[Round "6"]
[White "Lalith,B"]
[Black "Nitin,S"]
[Result "1-0"]
[WhiteElo "2477"]
[BlackElo "2365"]

1.Nf3 Nf6 2.c4 g6 3.Nc3 Bg7 4.e4 d6 5.d4 O-O 6.Be2 Nbd7 7.O-O e5 8.Be3 c6
9.d5 c5 10.Ne1 Ne8 11.g4 a6 12.Kh1 Rb8 13.Qc2 Nc7 14.a4 b6 15.Rb1 Nf6 16.Rg1 a5
17.Qd2 Nfe8 18.Nd3 Qe7 19.Rg3 f5 20.gxf5 gxf5 21.exf5 Bxf5 22.Rbg1 Bg6 23.Bg5 Qf7
24.Bf3 Nf6 25.Bxf6 Qxf6 26.Be4 Ne8 27.Bxg6 hxg6 28.Qe3 Qh4 29.Ne4 Rf5 30.Rh3 Qe7
31.Rxg6 Nf6 32.Ng3  1-0

[Event "XXXIV Open"]
[Site "Seville ESP"]
[Date "2009.01.25"]
[Round "3"]
[White "Barria,D"]
[Black "Hernandez Munoz,A"]
[Result "1-0"]
[WhiteElo "2419"]
[BlackElo "2124"]

1.d4 Nf6 2.c4 g6 3.Nc3 Bg7 4.e4 d6 5.Nf3 O-O 6.Be2 e5 7.d5 a5 8.Bg5 h6 9.Bh4 Na6
10.Nd2 Qe8 11.O-O Nh7 12.a3 Bd7 13.b3 f5 14.f3 Nf6 15.Rb1 Nh5 16.Re1 Bf6
17.Bf2 f4 18.b4 axb4 19.axb4 Qe7 20.c5 Bh4 21.Bxh4 Qxh4 22.c6 bxc6 23.dxc6 Be6
24.Bc4 Ng7 25.Qe2 Bxc4 26.Qxc4+ Kh7 27.Red1 Rfb8 28.Nd5 Ra7 29.Ra1 Rba8 30.b5 Nc5
31.Rxa7 Rxa7 32.b6 Ra8 33.b7 Rb8 34.Nxc7 Qd8 35.Nd5 Nge6 36.Nb3 Nxb7 37.c7 Nxc7
38.Qxc7+ Qxc7 39.Nxc7 Kg7 40.h4 Kf7 41.Rc1 Nd8 42.Rc3 Rc8 43.Nd5 Rxc3 44.Nxc3 Ke6
45.Kh2 Nc6 46.Nd5 Kf7 47.Kh3 Ke6 48.Kg4 Na7 49.h5 g5 50.Nc1 Nb5 51.Nd3 Nd4
52.Nc3 Kf7 53.Nf2 Nc2 54.Kh3 Na3 55.Ng4 Kg7 56.Nd5 Nc4 57.Ne7  1-0

[Event "XXXIV Open"]
[Site "Seville ESP"]
[Date "2009.01.25"]
[Round "3"]
[White "Pereira Figueroa,M"]
[Black "Razmyslov,A"]
[Result "0-1"]
[WhiteElo "2133"]
[BlackElo "2404"]

1.d4 Nf6 2.c4 g6 3.Nc3 Bg7 4.e4 d6 5.Be2 O-O 6.Nf3 e5 7.d5 a5 8.Bg5 Na6 9.Nd2 Bd7
10.b3 h6 11.Bh4 Qe8 12.a3 Nh7 13.O-O f5 14.exf5 gxf5 15.Bh5 Qc8 16.Be7 Re8
17.Bxe8 Qxe8 18.Bh4 e4 19.Rc1 Nc5 20.Qe2 Nd3 21.Rc2 Bd4 22.Kh1 Nf4 23.Qd1 Bc5
24.Ra2 Qf8 25.Ne2 Ng6 26.g3 Nxh4 27.gxh4 Qe7 28.Rg1+ Kf7 29.Nf4 Qxh4 30.Qh5+ Qxh5
31.Nxh5 Bd4 32.Kg2 Nf8 33.Nf4 Be5 34.Ne2 Ng6 35.Rc2 c5 36.Rb1 f4 37.Nc3 Nh4+
38.Kh1 Bh3 39.Rg1 Nf3 40.Nxf3 exf3 41.Nb5 Bf5 42.Rd2 a4 43.b4 b6 44.bxc5 bxc5
45.Re1 Kf6 46.Rg1 Rb8 47.Rc1 Kg5 48.Rg1+ Kh4 49.Rc1 Bh3 50.Rcd1 Rg8 51.Rc1 Bg2+
52.Kg1 Kh3 53.Rdd1 Kh4 54.Rb1 Bh3+ 55.Kh1 Bf5 56.Rg1 Rg2 57.Rbf1 Kh3  0-1

[Event "1st Open"]
[Site "Gurgon IND"]
[Date "2009.01.26"]
[Round "7"]
[White "Swapnil,SD"]
[Black "Iuldachev,S"]
[Result "0-1"]
[WhiteElo "2361"]
[BlackElo "2520"]

1.d4 d6 2.c4 e5 3.Nc3 Nd7 4.Nf3 Ngf6 5.e4 g6 6.Be2 Bg7 7.O-O O-O 8.Re1 exd4
9.Nxd4 Re8 10.f3 Nh5 11.g4 Qh4 12.Rf1 Ng3 13.hxg3 Qxg3+ 14.Kh1 c5 15.Nc2 Qh3+
16.Kg1 Qg3+ 17.Kh1 Be5 18.f4 Qh3+ 19.Kg1 Qg3+ 20.Kh1 Bxc3 21.bxc3 Nf6 22.Bf3 Bxg4
23.Ne3 h5 24.Qe2 Nxe4 25.Bxg4 hxg4 26.Qxg4 Nf2+ 27.Rxf2 Qxf2 28.Qg2 Qe1+
29.Kh2 Rxe3 30.Bxe3 Qxa1 31.f5 Qb1 32.f6 Re8 33.Qh3 Qc2+ 34.Kg1 Qxc3  0-1

[Event "XXXIV Open"]
[Site "Seville ESP"]
[Date "2009.01.27"]
[Round "5"]
[White "Pogorelov,R"]
[Black "Strikovic,A"]
[Result "1/2-1/2"]
[WhiteElo "2451"]
[BlackElo "2533"]

1.d4 d6 2.Nf3 Nf6 3.c4 g6 4.Nc3 Bg7 5.e4 O-O 6.Be2 e5 7.O-O c6 8.d5 Na6 9.Bg5 h6
10.Bh4 g5 11.Bg3 Nc5 12.Nd2 a5 13.b3 Bd7 14.a3 cxd5 15.cxd5 b5 16.b4 axb4
17.axb4 Na4 18.Nxa4 bxa4 19.f3 Nh5 20.Bf2 Nf4 21.Bc4 h5 22.b5 Qa5 23.b6 Rfb8
24.Rb1 Rb7 25.Ba2 Bf8 26.Nc4 Qa6 27.Qd2 Rc8 28.Na5 Rbb8 29.Nc6 Bxc6 30.dxc6 Rxc6
31.Bd5 Rcxb6 32.Bxb6 Rxb6 33.g3 Qa7 34.Rxb6 Qxb6+ 35.Kh1 Nxd5 36.Qxd5 a3
37.Kg2 Kg7 38.Rf2 Be7 39.Ra2 Qb1 40.Re2 Bd8 41.Qxd6 a2 42.Qxd8 a1=Q 43.Qxg5+ Kf8
44.Qd8+  1/2-1/2

[Event "XXXIV Open"]
[Site "Seville ESP"]
[Date "2009.01.27"]
[Round "5"]
[White "Melero Fidalgo,J"]
[Black "Gomez Cerezo,D"]
[Result "1-0"]
[WhiteElo "2175"]
[BlackElo "2056"]

1.d4 Nf6 2.c4 g6 3.Nc3 Bg7 4.e4 d6 5.Nf3 O-O 6.Be2 e5 7.d5 a5 8.Bg5 Na6 9.Nd2 h6
10.Bh4 Nc5 11.O-O g5 12.Bg3 Nh7 13.Bg4 f5 14.Bxf5 Bxf5 15.exf5 Rxf5 16.f3 Rf7
17.Nde4 Nxe4 18.fxe4 Rxf1+ 19.Qxf1 Qd7 20.Qe2 Nf6 21.Bf2 Ng4 22.Rf1 h5 23.h3 Nf6
24.Be3 g4 25.Rf5 Nxe4 26.Rxh5 Ng3 27.Qxg4 Qxg4 28.hxg4 Nxh5 29.gxh5 Kh7 30.g4 c6
31.Ne4 cxd5 32.cxd5 Rc8 33.g5 Rc2 34.Nxd6 Rxb2 35.Nf5 Rxa2 36.d6 Ra1+ 37.Kf2 Rd1
38.Bd4 Rxd4 39.Nxd4 Bf8 40.d7 Be7 41.g6+ Kg8 42.Ne6 a4 43.h6 a3 44.h7+ Kh8
45.d8=Q+ Bxd8 46.Nxd8  1-0

[Event "ch-PriFO"]
[Site "Kazan RUS"]
[Date "2009.01.28"]
[Round "8"]
[White "Vasiliev,Vladis"]
[Black "Kalegin,E"]
[Result "0-1"]
[WhiteElo "2235"]
[BlackElo "2510"]

1.d4 Nf6 2.c4 g6 3.Nc3 Bg7 4.e4 d6 5.Be2 O-O 6.Nf3 e5 7.O-O Nbd7 8.Qc2 c6
9.Rd1 Re8 10.Rb1 exd4 11.Nxd4 Nc5 12.f3 a5 13.Be3 Nfd7 14.Qd2 Qe7 15.Bf2 a4
16.f4 Nxe4 17.Nxe4 Qxe4 18.Bf3 Qe7 19.Re1 Qf8 20.Rxe8 Qxe8 21.Bh4 Bf6 22.Re1 Qf8
23.Bxf6 Nxf6 24.f5 Bd7 25.g4 h6 26.fxg6 fxg6 27.Ne6 Qf7 28.Nc7 Rf8 29.Qxd6 Bxg4
30.Ne6 Re8 31.Bxg4 Nxg4 32.Re2 Nf6 33.Nd8 Qg7 34.Re6 Rxe6 35.Nxe6 Ne8 36.Qd8 Qf7
37.Nc5 b5 38.Ne4 Qe6 39.Nf6+ Kf7 40.Nxe8 Qxe8 41.Qc7+ Kg8 42.cxb5 cxb5 43.Qd6 Qe1+
44.Kg2 Qe2+ 45.Kg3 Qxb2 46.Qe6+ Kh7 47.Qd7+ Qg7 48.Qxb5 Qc3+ 49.Kf4 Qd4+
50.Kf3 h5 51.Qe8 Qd5+ 52.Kf4 Qc4+ 53.Kf3 Qf1+ 54.Kg3 Qg1+ 55.Kf3 Qg4+ 56.Kf2 Qf4+
57.Kg2 Qg5+ 58.Kf3 Qf6+ 59.Kg2 a3 60.Qd7+ Kh6 61.Qc8 g5 62.Qc4 h4 63.h3 Qd6
64.Qb3 Qd2+ 65.Kf3 Qf4+ 66.Kg2 Qe4+ 67.Kf2 Qd4+ 68.Kf3 Qf6+ 69.Ke3 Qe5+  0-1

[Event "7th Gibtelecom Masters"]
[Site "Caleta ENG"]
[Date "2009.01.30"]
[Round "4"]
[White "Gandrud,V"]
[Black "White,Mi"]
[Result "1/2-1/2"]
[WhiteElo "2046"]
[BlackElo "2252"]

1.d4 Nf6 2.c4 g6 3.Nc3 Bg7 4.e4 d6 5.Nf3 O-O 6.Be2 e5 7.d5 Na6 8.Bg5 h6 9.Bh4 g5
10.Bg3 Nxe4 11.Nxe4 f5 12.Nfd2 fxe4 13.Nxe4 Bf5 14.f3 Nc5 15.Qc2 c6 16.b4 cxd5
17.cxd5 Nxe4 18.fxe4 Rc8 19.Qd3 Bd7 20.Bf2 Ba4 21.Bg4 Bd7 22.Bxd7 Qxd7 23.O-O b5
24.Be3 Rc4 25.Rxf8+ Bxf8 26.a4 Rxb4 27.axb5 Qxb5 28.Qxb5 Rxb5 29.Bxa7 Be7
30.g4 Rb4 31.Re1 Bd8 32.Kf2 Kf7 33.Kf3 Bb6 34.Bxb6 Rxb6 35.Ra1 Rb3+ 36.Kf2 Rb2+
37.Kg3 Rb3+  1/2-1/2

[Event "7th Gibtelecom Masters"]
[Site "Caleta ENG"]
[Date "2009.01.30"]
[Round "4"]
[White "Steffenello,L"]
[Black "Karim,I"]
[Result "0-1"]
[WhiteElo "2164"]
[BlackElo "2407"]

1.d4 g6 2.c4 Bg7 3.Nc3 d6 4.e4 Nd7 5.Nf3 e5 6.Be2 Ngf6 7.O-O O-O 8.Bg5 h6
9.Bh4 c6 10.dxe5 dxe5 11.Qc2 Qc7 12.Nd2 Nc5 13.Rad1 Ne6 14.Nb3 h5 15.f3 Nh7
16.Bf2 Bh6 17.c5 Qe7 18.Nb1 Nf4 19.Kh1 Qg5 20.Rg1 h4 21.Bf1 Kg7 22.Nc1 Nf6
23.Nd3 N6h5 24.g3 hxg3 25.Nxe5 Nh3 26.Nd3 Nxg1 27.Kxg1  0-1

[Event "Arcapita Open"]
[Site "Manama BHN"]
[Date "2009.01.31"]
[Round "7"]
[White "Ibrahimov,R"]
[Black "Ezat,M"]
[Result "1-0"]
[WhiteElo "2568"]
[BlackElo "2421"]

1.Nf3 Nf6 2.c4 g6 3.Nc3 Bg7 4.e4 d6 5.d4 O-O 6.Be2 e5 7.Be3 Ng4 8.Bg5 f6
9.Bh4 g5 10.Bg3 Nh6 11.d5 Nd7 12.O-O f5 13.exf5 Nxf5 14.Nd2 Nd4 15.Bg4 Nf6
16.Bxc8 Qxc8 17.f3 Qf5 18.Bf2 Qd3 19.Nb3 Qxc4 20.Nxd4 exd4 21.Bxd4 c5 22.dxc6 bxc6
23.Rc1 g4 24.Ne4 Qxa2 25.Nxf6+ Bxf6 26.Bxf6 Rxf6 27.Qd4 Raf8 28.Qxg4+ Rg6
29.Qd4 c5 30.Qc3 Re8 31.Rc2 Qa4 32.b3 Qf4 33.Qc4+ Qf7 34.Ra1 Re7 35.Rca2 Qxc4
36.bxc4 Rf7 37.Kf2 Rh6 38.Ra6 Rh4 39.Rxd6 Rxc4 40.Rd8+ Kg7 41.Ra8 Rc2+ 42.Kg3 Rd2
43.R1xa7 Rdd7 44.Rxd7 Rxd7 45.Rc8 Rd5 46.Rc6 Kf7 47.Rc7+ Kg6 48.h4 h6 49.Rc6+ Kg7
50.Kg4 Kh7 51.Rc7+ Kg6 52.h5+ Kf6 53.Rc6+ Kg7 54.f4 Rd3 55.g3 Rd5 56.Rc7+ Kg8
57.Rc6 Kg7 58.Rg6+ Kh7 59.Kh4 Rd1 60.Rf6 Rd8 61.Rf7+ Kg8 62.Rc7 Rd5 63.Kg4 Kh8
64.Re7 Rd3 65.Re5 c4 66.Rc5 c3 67.Rc7 Kg8 68.f5 Rd4+ 69.Kf3 Kf8 70.g4 Rd3+
71.Ke4 Rg3 72.Kf4 Rd3 73.Ke4 Rg3 74.Kf4 Rd3 75.f6 Rd5 76.Rxc3 Kf7 77.Rc7+ Kg8
78.Rg7+ Kh8 79.Rg6 Kh7 80.f7 Rd7 81.f8=N+  1-0

[Event "XXXIV Open"]
[Site "Seville ESP"]
[Date "2009.01.31"]
[Round "9"]
[White "Aranaz Murillo,A"]
[Black "Planas Gene,J"]
[Result "1-0"]
[WhiteElo "1995"]
[BlackElo "2169"]

1.Nf3 Nf6 2.c4 g6 3.Nc3 Bg7 4.e4 d6 5.d4 O-O 6.Be2 e5 7.d5 Nbd7 8.Be3 Ng4
9.Bd2 a5 10.a3 h6 11.h3 Ngf6 12.Be3 Ne8 13.Nd2 f5 14.f3 f4 15.Bf2 Nef6 16.O-O g5
17.b4 axb4 18.axb4 Rxa1 19.Qxa1 Kh7 20.c5 Rg8 21.Nb5 Bf8 22.Rc1 dxc5 23.bxc5 c6
24.dxc6 bxc6 25.Nd6 Bxd6 26.cxd6 h5 27.Rxc6 g4 28.hxg4 hxg4 29.Bh4 Qe8 30.Bxf6 Nxf6
31.Rc7+ Bd7 32.Nc4 Rg6 33.Nb6 g3 34.Nxd7 Nxd7 35.Qa7 Rg7 36.Bb5  1-0

[Event "XXXIV Open"]
[Site "Seville ESP"]
[Date "2009.01.31"]
[Round "9"]
[White "Barria,D"]
[Black "Strikovic,A"]
[Result "1/2-1/2"]
[WhiteElo "2419"]
[BlackElo "2533"]

1.d4 Nf6 2.c4 g6 3.Nc3 Bg7 4.e4 d6 5.Nf3 O-O 6.Be2 e5 7.O-O c6 8.Qc2 Nbd7
9.Rd1 Qc7 10.b3 Re8 11.Ba3 exd4 12.Nxd4 Nc5 13.f3 Qb6 14.Kh1 a5 15.Qd2 Nfd7
16.Bf1 Ne5 17.Nc2 f5 18.Qxd6 Ned7 19.Qd2 fxe4 20.fxe4 Qc7 21.Nd4 Qe5 22.Bb2 Nf6
23.Nf3 Qh5 24.Re1 Bg4 25.e5 Nfd7 26.e6 Rxe6 27.Rxe6 Bxe6 28.Re1 Bg4 29.Be2 Nf6
30.Bd1 Qf5 31.Bc2 Qd7 32.Qe3 Bxf3 33.Qxf3 Re8 34.Rxe8+ Qxe8 35.Qe2 Qd7 36.g3 Nh5
37.Kg2 Ne6 38.Qd1 Qe7 39.Qd2 Nc5 40.Bd1 Nf6 41.Bf3 Nfd7 42.Qe2 Kf7 43.Qd2 Be5
44.Qc2 Qf6 45.Qd2 Nf8 46.Bg4 h5 47.Bf3 Nfe6 48.Qe3 Qf5 49.Ne4 Nd7 50.Bxe5 Qxe5
51.h4 Ke7 52.Qh6 Ndf8 53.Qd2 Nd4 54.Ng5 Nfe6 55.Nxe6 Kxe6 56.Qd3 Nf5 57.Be4 Nxg3
58.Bxg6 Ne2 59.Kf3 Nd4+ 60.Kg2 Nf5 61.Bxf5+ Qxf5 62.Qe3+ Kf7 63.Qd2 Qg4+
64.Kf1 Qxh4 65.Qxa5 Qf4+ 66.Kg2 Kg6 67.Qa8 h4 68.Qxb7 Qg3+ 69.Kf1 Qf3+ 70.Ke1 h3
71.Qc7 Qh1+ 72.Kd2 Qg2+ 73.Ke3 h2 74.Qd6+ Kh5 75.Qb8 Qg5+ 76.Ke2 Qg2+ 77.Ke3 Qg1+
78.Ke2 h1=Q 79.Qh8+ Kg5 80.Qg7+ Kf5 81.Qf7+ Ke5 82.Qe7+ Kf5 83.Qf7+  1/2-1/2

[Event "Open"]
[Site "Moscow RUS"]
[Date "2009.02.01"]
[Round "2"]
[White "Kulakov,V"]
[Black "Areshchenko,A"]
[Result "0-1"]
[WhiteElo "2360"]
[BlackElo "2673"]

1.d4 Nf6 2.c4 g6 3.Nc3 Bg7 4.e4 d6 5.Nf3 O-O 6.Be2 Na6 7.O-O e5 8.dxe5 dxe5
9.Qc2 Qe8 10.Rd1 c6 11.h3 Nh5 12.Rb1 Qe7 13.a3 Nc5 14.b4 Ne6 15.c5 Nhf4 16.Bf1 Qf6
17.h4 Nh3+ 18.Kh2 Nd4 19.Nxd4 exd4 20.gxh3 dxc3 21.Bg5 Qe5+ 22.f4 Qc7 23.h5 h6
24.Bh4 Qxf4+ 25.Bg3 Qg5 26.hxg6 fxg6 27.Bc4+ Kh7 28.Rg1 Rf3 29.Rbf1 Qh5 30.Qg2 Bg4
31.Be2 Rxg3 32.Qxg3 Bxe2 33.Rf7 Rf8  0-1

[Event "FINEC GM"]
[Site "St Petersburg RUS"]
[Date "2009.02.01"]
[Round "6"]
[White "Brodsky,M"]
[Black "Gorovykh,E"]
[Result "1-0"]
[WhiteElo "2518"]
[BlackElo "2391"]

1.d4 Nf6 2.c4 g6 3.Nc3 Bg7 4.e4 d6 5.Be2 O-O 6.Nf3 e5 7.Be3 h6 8.dxe5 dxe5
9.O-O Nc6 10.Qc1 Nd4 11.Bxh6 Nxe4 12.Nxd4 Qxd4 13.Nd5 Qc5 14.Bf3 Nd6 15.Be3 Qxc4
16.Nxc7 e4 17.Bd1 Rb8 18.Bxa7 Bf5 19.Bxb8 Rxb8 20.Bb3 Qxc1 21.Raxc1 Bxb2
22.Rcd1 Ba3 23.Nd5 Be6 24.Nc3 Re8 25.Bxe6 Rxe6 26.Rd5 f5 27.Rb1  1-0

[Event "FINEC GM"]
[Site "St Petersburg RUS"]
[Date "2009.02.01"]
[Round "6"]
[White "Savchenko,S"]
[Black "Kovalev,An"]
[Result "1/2-1/2"]
[WhiteElo "2572"]
[BlackElo "2535"]

1.d4 Nf6 2.c4 g6 3.Nc3 Bg7 4.e4 d6 5.Nf3 O-O 6.Be2 e5 7.dxe5 dxe5 8.Qxd8 Rxd8
9.Bg5 Re8 10.Nd5 Nxd5 11.cxd5 c6 12.Bc4 cxd5 13.Bxd5 Nd7 14.O-O-O h6  1/2-1/2

[Event "14th HIT Open"]
[Site "Nova Gorica SLO"]
[Date "2009.02.02"]
[Round "4"]
[White "Cebalo,M"]
[Black "Srebrnic,M"]
[Result "1-0"]
[WhiteElo "2509"]
[BlackElo "2323"]

1.d4 d6 2.Nf3 Nf6 3.c4 g6 4.Nc3 Bg7 5.e4 O-O 6.Be2 e5 7.O-O exd4 8.Nxd4 Re8
9.f3 Nc6 10.Be3 Nh5 11.Qd2 f5 12.Nxc6 bxc6 13.c5 d5 14.Rad1 Qe7 15.Bd4 Bxd4+
16.Qxd4 Nf4 17.Rf2 Qg5 18.exd5 cxd5 19.Bb5 Nh3+ 20.Kf1 c6 21.Bxc6 Ba6+ 22.Nb5 Bxb5+
23.Bxb5 Nxf2 24.Kxf2 Re6 25.Bd7  1-0

[Event "7th Gibtelecom Masters"]
[Site "Caleta ENG"]
[Date "2009.02.04"]
[Round "9"]
[White "Dimitrijevic,Dragan"]
[Black "Benson,O"]
[Result "0-1"]
[WhiteElo "2069"]
[BlackElo "1957"]

1.d4 Nf6 2.c4 g6 3.Nc3 Bg7 4.e4 d6 5.Nf3 O-O 6.Be2 e5 7.Be3 Na6 8.O-O Qe8
9.d5 Ng4 10.Bg5 f6 11.Bh4 f5 12.Nd2 Nf6 13.f3 f4 14.Rb1 Bh6 15.b4 g5 16.Bf2 Nd7
17.a3 Rf6 18.Nb3 Bf8 19.Na2 Rh6 20.g4 fxg3 21.Bxg3 Nf6 22.c5 Nh5 23.Qe1 Nf4
24.Bc4 Qh5 25.c6 b6 26.a4 g4 27.Qe3 Nh3+ 28.Kg2 gxf3+ 29.Rxf3 Be7 30.Be2 Bg5
31.Qd3 Nf4+ 32.Bxf4 exf4 33.Rh1 Bg4 34.Qxa6 Bxf3+ 35.Bxf3 Qh3+ 36.Kf2 Bh4+
37.Ke2 Rg6 38.Nd2 Rg2+ 39.Bxg2 Qxg2+ 40.Kd3 Qxh1 41.Qb7 Rd8 42.Qxc7 f3 43.Qb7 f2
44.c7 f1=Q+ 45.Kc2 Qd1+  0-1

[Event "Open A"]
[Site "Moscow RUS"]
[Date "2009.02.05"]
[Round "6"]
[White "Rychagov,A"]
[Black "Kazhgaleyev,M"]
[Result "0-1"]
[WhiteElo "2515"]
[BlackElo "2630"]

1.d4 Nf6 2.c4 g6 3.Nc3 Bg7 4.e4 d6 5.Nf3 O-O 6.Be2 Nbd7 7.O-O e5 8.Re1 Re8
9.d5 a5 10.Be3 Ng4 11.Bg5 f6 12.Bh4 h5 13.Nd2 Nh6 14.f3 Nf7 15.a3 Bh6 16.Nf1 Nc5
17.b4 axb4 18.axb4 Rxa1 19.Qxa1 Nb3 20.Qa7 Nd4 21.c5 g5 22.Bf2 g4 23.fxg4 hxg4
24.Bd3 Ng5 25.cxd6 cxd6 26.Nb5 Nxb5 27.Bxb5 Rf8 28.Ng3 f5 29.exf5 Bxf5 30.Nxf5 Rxf5
31.Qxb7 Rf7 32.Qc6 Qf6 33.Bg3 Kg7 34.Qc8 Nf3+ 35.gxf3 Qxf3 36.Qc2 Be3+ 37.Rxe3 Qxe3+
38.Bf2 Qf4 39.Qb2 Qe4 40.Bf1 Rc7 41.Qd2 Qf5 42.b5 Rc2 43.Qe3 Rb2 44.b6 Rb1
45.Kg2 Qf3+ 46.Qxf3 gxf3+ 47.Kg1 Kf6 48.h4 Kf5 49.h5 Kg5 50.Be3+ Kxh5 51.Kf2 Kg4
52.Ba6 Rb2+ 53.Ke1 f2+ 54.Bxf2 Kf3 55.Bh4 Rxb6 56.Bc8 e4 57.Kd2 e3+ 58.Kc3 e2
59.Bf5 Rb5 60.Bd3 Rxd5 61.Kd2 Rd4 62.Be1 d5 63.Kc3 Ra4 64.Kd2 Ra2+ 65.Bc2 d4
66.Kd3 Ra1 67.Bb4 Rd1+ 68.Kc4 Ke3  0-1

[Event "TCh-NED 2008-9"]
[Site "Netherlands NED"]
[Date "2009.02.07"]
[Round "5"]
[White "Kasimdzhanov,R"]
[Black "Pruijssers,R"]
[Result "1-0"]
[WhiteElo "2679"]
[BlackElo "2452"]

1.d4 Nf6 2.c4 g6 3.Nc3 Bg7 4.e4 d6 5.Nf3 O-O 6.Be2 e5 7.O-O Na6 8.Be3 Ng4
9.Bg5 Qe8 10.Re1 exd4 11.Nd5 f6 12.Bf4 c6 13.Bxd6 cxd5 14.exd5 Rf7 15.c5 Qd8
16.Nxd4 Nh6 17.Ne6 Bxe6 18.dxe6 Re7 19.c6 Nc7 20.cxb7 Rb8 21.Bxe7 Qxe7 22.Qd7  1-0

[Event "TCh-NED 2008-9"]
[Site "Netherlands NED"]
[Date "2009.02.07"]
[Round "5"]
[White "Chuchelov,V"]
[Black "Richter,Ch"]
[Result "1-0"]
[WhiteElo "2575"]
[BlackElo "2403"]

1.Nf3 Nf6 2.c4 g6 3.Nc3 Bg7 4.e4 d6 5.d4 O-O 6.Be2 Na6 7.O-O e5 8.Be3 Ng4
9.Bg5 Qe8 10.Re1 f6 11.Bh4 c6 12.Rb1 Nh6 13.b4 exd4 14.Nxd4 Nf7 15.Bf1 Bd7
16.a3 Qe7 17.f3 Rfe8 18.Qd2 Nc7 19.Rbd1 Bh6 20.Qc2 Ne5 21.Bf2 Ne6 22.Nb3 Red8
23.Kh1 Be8 24.Ne2 Bf7 25.Bg3 Nf8 26.Na5 Be8 27.f4 Nf7 28.Nd4 Qc7 29.Nab3 Rac8
30.Qf2 Qe7 31.Bh4 Bg7 32.Nf3 g5 33.Bg3 c5 34.e5 gxf4 35.exd6 fxg3 36.Qxg3 Qd7
37.Nxc5 Rxc5 38.bxc5 Ng6 39.Bd3 Nfe5 40.Be4 Qc8 41.h4 Kh8 42.h5 Nf8 43.Nxe5 fxe5
44.Qh4 h6 45.Bxb7 Qxb7 46.Qxd8 Bc6 47.Rd2 Qf7 48.Qh4 Ne6 49.Rf2 Nf4 50.Qg4 Bd7
51.Rxf4 exf4 52.Re7 Qf6 53.Rxd7  1-0

[Event "TCh-NED 2008-9"]
[Site "Netherlands NED"]
[Date "2009.02.07"]
[Round "5"]
[White "Van Beek,Al"]
[Black "Kleijn,C"]
[Result "1/2-1/2"]
[WhiteElo "2400"]
[BlackElo "2238"]

1.Nf3 d6 2.d4 Nf6 3.c4 g6 4.Nc3 Bg7 5.e4 O-O 6.Be2 e5 7.O-O Na6 8.Be3 Ng4
9.Bg5 Qe8 10.dxe5 dxe5 11.h3 h6 12.Bd2 Nf6 13.Be3 b6 14.Nd2 Bb7 15.Nd5 Kh7
16.a3 c6 17.Nxf6+ Bxf6 18.c5 Nxc5 19.Bxc5 bxc5 20.Nb3 Bg5 21.Nxc5 Rd8 22.Qb3 Bc8
23.Rad1 Qe7 24.Qc4 Kg7 25.b4 Rfe8 26.Rxd8 Rxd8 27.Rd1 Rxd1+ 28.Bxd1 Qd8 29.Bb3 Qe8
30.a4 Bd8 31.Qc3 Bc7 32.Nd3 Bd7 33.a5 Bd6 34.Nc5 Qe7 35.Nd3 Kg8 36.Ba4 Qe8
37.Nc5 Kg7 38.Nxd7 Qxd7 39.Bxc6 Bxb4 40.Qxe5+ f6 41.Qb5 Qd1+ 42.Kh2 Qd6+
43.g3 Qc5 44.Qb7+ Kh8 45.Kg2 Be1 46.Qb8+ Kg7 47.Qc7+ Kh8 48.Qc8+ Kg7 49.Qd7+ Kh8
50.Qd8+ Kg7 51.Qd7+  1/2-1/2

[Event "TCh-HUN 2008-9"]
[Site "Budapest HUN"]
[Date "2009.02.08"]
[Round "7"]
[White "Fodor,T jr"]
[Black "Kerek,K"]
[Result "1-0"]
[WhiteElo "2383"]
[BlackElo "2325"]

1.d4 Nf6 2.c4 g6 3.Nc3 Bg7 4.e4 d6 5.Nf3 O-O 6.Be2 e5 7.O-O Na6 8.Re1 c6
9.Bf1 Bg4 10.d5 c5 11.h3 Bd7 12.a3 Kh8 13.Bd3 Ng8 14.Rb1 f5 15.exf5 gxf5
16.Bc2 h6 17.Nh2 Qh4 18.b3 Rae8 19.Ne2 f4 20.Nc3 Nf6 21.Ne4 Nxe4 22.Bxe4 Bf6
23.Nf3 Qh5 24.Nd2 Qh4 25.Kf1 Rg8 26.Bf3 e4 27.Nxe4 Bd4 28.Qd2 Bxh3 29.gxh3 Qxh3+
30.Ke2 Rg2 31.Rf1 Qg3 32.Qxf4 Rxf2+ 33.Rxf2 Qxf2+ 34.Kd3 Qa2 35.Qxh6+ Kg8
36.Qg6+ Kf8 37.Bh6+  1-0

[Event "TCh-HUN 2008-9"]
[Site "Budapest HUN"]
[Date "2009.02.08"]
[Round "7"]
[White "Csiszar,C"]
[Black "Veszpremi,A"]
[Result "1-0"]
[WhiteElo "2437"]
[BlackElo "2219"]

1.d4 Nf6 2.c4 g6 3.Nc3 Bg7 4.e4 d6 5.Be2 O-O 6.Nf3 e5 7.O-O Nbd7 8.Be3 c6
9.d5 cxd5 10.cxd5 a6 11.Nd2 Ne8 12.a4 f5 13.f3 f4 14.Bf2 g5 15.g4 fxg3 16.hxg3 h5
17.Nc4 Qf6 18.Ne3 Bh6 19.g4 hxg4 20.fxg4 Ng7 21.Kg2 Qg6 22.Nf5 Nxf5 23.exf5 Qf7
24.Rh1 Bg7 25.Ne4 Qe7 26.Be3 Bf6 27.Rh6 b6 28.Rc1 Ra7 29.Rc6 Bb7 30.Rxd6 Bg7
31.Bxg5 Qf7 32.Rhg6 Qe8 33.Bh6  1-0

[Event "FSGM February"]
[Site "Budapest HUN"]
[Date "2009.02.09"]
[Round "3"]
[White "Kosic,D"]
[Black "Paschall,W"]
[Result "1/2-1/2"]
[WhiteElo "2521"]
[BlackElo "2354"]

1.d4 g6 2.c4 Bg7 3.e4 d6 4.Nf3 Nf6 5.Nc3 O-O 6.Be2 Na6 7.O-O e5 8.Be3 Ng4
9.Bg5 Qe8 10.dxe5 h6 11.Bd2 dxe5 12.h3 Nf6 13.Be3 Qe7 14.Qc1 Kh7 15.c5 c6
16.a3 Nc7 17.b4 Nh5 18.Rd1 Nf4 19.Bf1 Nce6 20.Ra2  1/2-1/2

[Event "FSIM February"]
[Site "Budapest HUN"]
[Date "2009.02.10"]
[Round "4"]
[White "Bacso,G"]
[Black "Vybiral,Z"]
[Result "1-0"]
[WhiteElo "2123"]
[BlackElo "2232"]

1.d4 Nf6 2.Nf3 g6 3.c4 Bg7 4.Nc3 O-O 5.e4 d6 6.Be2 e5 7.O-O Na6 8.Be3 Ng4
9.Bg5 f6 10.Bd2 Nh6 11.Be3 Ng4 12.Bd2 c6 13.h3 Nh6 14.Be3 Qe7 15.Qd2 Nf7
16.Rfe1 f5 17.dxe5 dxe5 18.exf5 gxf5 19.Qc2 f4 20.Bd2 Ng5 21.Nxg5 Qxg5 22.Bg4 Bxg4
23.hxg4 Qxg4 24.f3 Qh4 25.Ne4 Rad8 26.Red1 Qe7 27.a3 Rfe8 28.Bc3 Nc7 29.Bb4 Qh4
30.Nd6 Re6 31.Nf5 Rxd1+ 32.Rxd1 Qf6 33.Rd7 Ne8 34.Ne7+ Kh8 35.Rxb7 Bf8 36.Nxc6 Qh4
37.Qf2 Qxf2+ 38.Kxf2 Rxc6 39.Bxf8 Rxc4 40.Rb8 Rc2+ 41.Kg1 Nf6 42.Bd6+ Kg7
43.Bxe5 Kg6 44.Bxf6 Kxf6 45.Rb5 h6 46.b4 Rc6 47.Ra5 a6 48.Kh2 Kg6 49.Kh3 h5
50.Kh4 Rc1 51.Rxa6+ Kf5 52.Ra5+ Kg6 53.Rg5+ Kf6 54.Rxh5 Rg1 55.Kg4 Rxg2+
56.Kxf4 Ke6 57.Ra5  1-0

[Event "TCh-FIN"]
[Site "Finland FIN"]
[Date "2009.02.14"]
[Round "6"]
[White "Tella,J"]
[Black "Hartikainen,M"]
[Result "1/2-1/2"]
[WhiteElo "2424"]
[BlackElo "2297"]

1.d4 Nf6 2.c4 g6 3.Nc3 Bg7 4.e4 d6 5.Nf3 O-O 6.Be2 e5 7.Be3 Ng4 8.Bg5 f6
9.Bh4 g5 10.Bg3 Nh6 11.d5 Nd7 12.Nd2 f5 13.exf5 Nf6 14.Nde4 Nxe4 15.Nxe4 Bxf5
16.Bd3 Qe8 17.O-O Qg6 18.Re1 Kh8 19.Rc1 b6 20.a3 a5 21.b3 Ng8 22.f3 h5 23.Rc3 g4
24.fxg4 hxg4 25.b4 axb4 26.axb4 Nf6 27.Nxf6 Rxf6 28.Bxf5  1/2-1/2

[Event "80th ch-GER"]
[Site "Saarbruecken GER"]
[Date "2009.02.14"]
[Round "9"]
[White "Stahr,R"]
[Black "Hirneise,J"]
[Result "0-1"]
[WhiteElo "2158"]
[BlackElo "2325"]

1.c4 Nf6 2.Nc3 g6 3.e4 d6 4.d4 Bg7 5.Be2 O-O 6.Nf3 e5 7.Be3 Ng4 8.Bg5 f6
9.Bd2 exd4 10.Nxd4 f5 11.Nc2 Nc6 12.exf5 gxf5 13.Bf4 Be6 14.f3 Nge5 15.Ne3 Nd4
16.Bxe5 dxe5 17.O-O c6 18.Kh1 Qg5 19.Qc1 Bh6 20.f4 exf4 21.Ned1 Qh4 22.Bd3 f3
23.g3 Qh3  0-1

[Event "TCh-FIN"]
[Site "Finland FIN"]
[Date "2009.02.15"]
[Round "7"]
[White "Ivanov,MM"]
[Black "Sepp,O"]
[Result "1/2-1/2"]
[WhiteElo "2489"]
[BlackElo "2448"]

1.d4 Nf6 2.c4 g6 3.Nc3 Bg7 4.e4 d6 5.Nf3 O-O 6.Be2 e5 7.O-O Na6 8.Be3 h6
9.h3 exd4 10.Bxd4 Re8 11.Bd3 Nc5 12.Re1 Nxd3 13.Qxd3 c6 14.Rad1 Be6 15.b3 Qa5
16.Ne2 Rad8 17.Nf4 Bc8 18.Qc2 Nh7 19.Bxg7 Kxg7 20.Qb2+ Kg8 21.b4 Qc7 22.Nd3 Qe7
23.Qd4 b6 24.Qe3 Qf8 25.Qf4 c5 26.bxc5 dxc5 27.Nde5 Be6 28.h4 Qg7 29.Rxd8 Rxd8
30.Nc6 Re8 31.e5 g5 32.Qe4 gxh4 33.Qxh4 Ng5 34.Nxg5 Qxg5 35.Qe4 Qg6 36.Qh4 Qg5
37.Qe4 Qg6 38.Nxa7 Qxe4 39.Rxe4 Ra8 40.Nb5 Rxa2 41.Nd6 Kg7 42.f4 Kg6 43.Re3 h5
44.Rg3+ Bg4 45.Rb3 Ra6 46.Kf2 h4 47.Rb2 f6 48.Ke3 Bf5 49.Ne8 fxe5 50.fxe5 Kg5
51.Nc7 Ra4 52.Rxb6 Rxc4 53.Ne6+ Bxe6 54.Rxe6 Kf5 55.Re8 Re4+ 56.Kf3 Rf4+
57.Ke3 Re4+ 58.Kf3 Rxe5 59.Rh8 Kg5 60.Rg8+ Kf5 61.Rh8 Kg5 62.Rg8+ Kf5 63.Rh8  1/2-1/2